| 000 | 00460nam a2200157 i 4500 | ||
|---|---|---|---|
| 001 | 38186 | ||
| 003 | ES-MaACL | ||
| 005 | 20230906155720.0 | ||
| 007 | t| | ||
| 008 | 030224s1952 sp ||||1| spa d | ||
| 100 | 1 |
_aCalatayud García, Eleuterio. _933540 |
|
| 245 | 1 | 0 |
_aFontana clara _b: (poesías) / _cEleuterio Calatayud García. |
| 260 |
_aSevilla : _b[s.n., _c1952] ( _fGráf. Tirvia) |
||
| 300 |
_a188 p. ; _c23 cm. |
||
| 852 |
_aES-MaACL _jD-7579 _bR.32359 |
||
| 999 |
_c38186 _d38186 |
||